Guess The American Brands! #31 - Statistics

General Stats
  • This quiz has been taken 37 times
  • The average score is 12 of 24
Answer Stats
Picture Answer % Correct
Universal
89%
Sonic
86%
Barney
81%
Whataburger
68%
Home Alone
65%
Mustang
65%
Republican
65%
Arizona
62%
Long John Silvers
62%
My Little Pony
51%
York
51%
A Clockwork Orange
49%
Slim Jim
46%
MUG
43%
U-Haul
41%
Washington Commanders
41%
A&W
38%
Democrats
38%
Breyers
30%
Cold Stone
24%
Obey
22%
Days Inn
16%
Whole Foods
16%
BET
14%
No matching quizzes found
Score Distribution
Percent of People with Each Score
Percentile by Number Answered
Your Score History
You have not taken this quiz